000 00941nam a2200289Ia 4500
003 OSt
005 20221007124441.0
006 a|||||r|||| 00| 0
007 ta
008 221006b |||||||| |||| 00| 0 eng d
020 _a9783527409259 (hbk)
024 _a188751
037 _b3176, 23/04/2013, Educational Book Agency (India)
_cTextual
040 _aCDL
_cCDL
_beng
041 _2eng
_aeng
082 _aC21:(D), Q2 Carc
100 _aReinke Petra
_9719292
245 0 _aInorganic nanostructures : properties and characterization
260 _aWeinheim
_bWiley-VCH
_c2012
300 _a201p.
_ccm.
500 _aReferences 177-198p.; Index 199-201p.
650 _a Inorganic nanostructure
_9719293
650 _a Nanostructure
_9717017
650 _aChemistry
942 _hC21:(D), Q2 Carc
_cTEXL
_2CC
999 _c1213555
_d1213555